Отечественная история: учебное пособие

Bibliografiske detaljer
Institution som forfatter: Томский политехнический университет (ТПУ) Институт дистанционного образования (ИДО)
Andre forfattere: Трубникова Н. В. Наталья Валерьевна, Черный В. А. Виктор Алексеевич, Першиков А. Н. Анатолий Николаевич, Иванова М. В. Маргарита Викторовна, Гребенькова Г. В. Галина Васильевна, Силаев А. П. Анатолий Петрович, Гузаров В. Н. Владимир Николаевич, Петрик В. В. Валерий Владимирович
Summary:Учебное пособие состоит из авторских лекций, посвященных основным проблемам отечественной истории. В работе отражены социально-политические и экономические процессы, показано культурное развитие России. Специальный раздел посвящен методологии исторического знания. Концепция курса построена с учетом современных достижений исторической науки. Пособие содержит разнообразный фактический материал, интересные обобщения и выводы. Пособие подготовлено на кафедре истории и регионоведения ТПУ и предназначено для студентов Института дистанционного образования всех специальностей.
Sprog:russisk
Udgivet: Томск, Изд-во ТПУ, 2009
Fag:
Format: MixedMaterials Bog
KOHA link:https://koha.lib.tpu.ru/cgi-bin/koha/opac-detail.pl?biblionumber=379298

MARC

LEADER 00000nam0a2200000 4500
001 379298
005 20241217165114.0
035 |a (RuTPU)RU\TPU\retro\36762 
035 |a RU\TPU\book\199048 
090 |a 379298 
100 |a 20230822d2009 m y0rusy50 ca 
101 0 |a rus 
102 |a RU 
105 |a y j 000zy 
200 1 |a Отечественная история  |e учебное пособие  |f Н. В. Трубникова [и др.]  |g Томский политехнический университет (ТПУ), Институт дистанционного образования (ИДО) 
210 |a Томск  |c Изд-во ТПУ  |d 2009 
215 |a 244 с. 
330 |a Учебное пособие состоит из авторских лекций, посвященных основным проблемам отечественной истории. В работе отражены социально-политические и экономические процессы, показано культурное развитие России. Специальный раздел посвящен методологии исторического знания. Концепция курса построена с учетом современных достижений исторической науки. Пособие содержит разнообразный фактический материал, интересные обобщения и выводы. Пособие подготовлено на кафедре истории и регионоведения ТПУ и предназначено для студентов Института дистанционного образования всех специальностей. 
606 |a Россия  |x История  |2 stltpush  |3 (RuTPU)RU\TPU\subj\64777  |9 81526 
610 1 |a историческая наука 
610 1 |a Древнерусское государство 
610 1 |a Киевская Русь 
610 1 |a Московское государство 
610 1 |a Российская империя 
610 1 |a Советская Россия 
610 1 |a СССР 
610 1 |a Российская Федерация 
610 1 |a учебные пособия 
610 1 |a труды учёных ТПУ 
686 |a Т3(2)я73  |2 rubbk 
701 1 |a Трубникова  |b Н. В.  |c российский историк  |c профессор Томского политехнического университета, доктор исторических наук  |f 1973-  |g Наталья Валерьевна  |3 (RuTPU)RU\TPU\pers\25444 
701 1 |a Черный  |b В. А.  |c историк  |c доцент Кафедры истории и регионоведения Томского политехнического университета  |g Виктор Алексеевич  |3 (RuTPU)RU\TPU\pers\26635 
701 1 |a Першиков  |b А. Н.  |c историк  |c доцент Кафедры истории и регионоведения Томского политехнического университета  |g Анатолий Николаевич  |3 (RuTPU)RU\TPU\pers\26636 
701 1 |a Иванова  |b М. В.  |c историк  |c доцент Кафедры истории и регионоведения Томского политехнического университета  |g Маргарита Викторовна  |3 (RuTPU)RU\TPU\pers\26637 
701 1 |a Гребенькова  |b Г. В.  |c историк  |c старший преподаватель Кафедры истории и регионоведения Томского политехнического университета  |g Галина Васильевна  |3 (RuTPU)RU\TPU\pers\26634 
701 1 |a Силаев  |b А. П.  |c историк  |c доцент Кафедры истории и регионоведения Томского политехнического университета  |g Анатолий Петрович  |3 (RuTPU)RU\TPU\pers\26638 
701 1 |a Гузаров  |b В. Н.  |c российский историк  |c доцент Томского политехнического университета, кандидат исторических наук  |f 1950-  |g Владимир Николаевич  |3 (RuTPU)RU\TPU\pers\25555 
701 1 |a Петрик  |b В. В.  |c историк  |c профессор Томского политехнического университета, доктор исторических наук  |f 1960-  |g Валерий Владимирович  |3 (RuTPU)RU\TPU\pers\25435 
712 0 2 |a Томский политехнический университет (ТПУ)  |b Институт дистанционного образования (ИДО)  |3 (RuTPU)RU\TPU\col\12625 
801 1 |a RU  |b 63413507  |c 20100816 
801 2 |a RU  |b 63413507  |c 20230822  |g RCR 
942 |c BK